000 00736nas a2200253 4500
001 BR9207460
003 BR-BrBNA
005 20231205095031.0
007 ta
008 230509b bl.|||p| |||| 00| 00por d
040 _aBR-BrBNA
_bpor
_cBiblioteca Nacional de Agricultura
041 _a(Pt)
072 _aH10
100 1 _aCosta, E.C.
100 1 _aLink, D.
100 1 _aEstefanel, V.
245 1 _aPlano de amostragem sequencial para percevejos em soja
650 _aSoja
650 _aPraga de Planta
650 _aPercevejo
773 0 _tAnais da Sociedade Entomologica do Brasil (Brazil)
_xISSN 0301-8059
_g(1988), v. 17(suppl.) p. 51-65
_wBR9207460
909 _a202311
_bLúcia
_c55
_dLúcia Elande
942 _2AGRIS
_n0
_cANA
999 _c148371
_d148371